Central Library OPAC University of Rajshahi

Hegel's Science of logic / (Record no. 30590)

MARC details
000 -LEADER
fixed length control field 01012nam a2200289 4500
001 - CONTROL NUMBER
control field 30590
003 - CONTROL NUMBER IDENTIFIER
rucl marc code BD-RjUL
005 - DATE AND TIME OF LATEST TRANSACTION
control field 20211209051603.0
008 - FIXED-LENGTH DATA ELEMENTS--GENERAL INFORMATION
fixed length control field 140410r19511929enk b 000 0 eng d
035 ## - SYSTEM CONTROL NUMBER
System control number (BD-RjUL)30676
040 ## - CATALOGING SOURCE
Original cataloging agency BD-RjUL
Language of cataloging eng
Transcribing agency BD-RjUL
041 1# - LANGUAGE CODE
Language code of text/sound track or separate title eng
Language code of original ger
082 ## - DEWEY DECIMAL CLASSIFICATION NUMBER
Classification number 180
Author mark and year HEH V-2 1951
100 1# - MAIN ENTRY--PERSONAL NAME
Personal name Hegel, Georg Wilhelm Friedrich,
Dates associated with a name 1770-1831.
9 (RLIN) 51347
245 10 - TITLE STATEMENT
Title Hegel's Science of logic /
Statement of responsibility, etc. translated by W.H. Johnston and L.G. Struthers ; with an introductory preface by Viscount Haldane of Cloan
Number of part/section of a work VOLUME TWO.
260 ## - PUBLICATION, DISTRIBUTION, ETC. (IMPRINT)
Place of publication, distribution, etc. London :
Name of publisher, distributor, etc. Allen & Unwin,
Date of publication, distribution, etc. 1951
300 ## - PHYSICAL DESCRIPTION
Pagination 486 p. :
Size 23 cm
500 ## - GENERAL NOTE
General note Originally published: London : Allen & Unwin ; New York : Humanities Press, 1929
General note Translation of Wissenschaft der Logik
504 ## - BIBLIOGRAPHY, ETC. NOTE
Bibliography, etc Bibliography: v. 2, p. [487]
650 #0 - SUBJECT ADDED ENTRY--TOPICAL TERM
Topical term or geographic name as entry element Logic
9 (RLIN) 92938
830 #0 - SERIES ADDED ENTRY--UNIFORM TITLE
Uniform title Muirhead library of philosophy
942 ## - ADDED ENTRY ELEMENTS (KOHA)
Source of classification or shelving scheme Dewey Decimal Classification
Koha item type Books
Holdings
Lost status Source of classification or shelving scheme Damaged status Not for loan Collection code Permanent Location Current Location Shelving location Date acquired Source of acquisition Cost, normal purchase price Total Checkouts Full call number Date last seen Copy number Koha item type
  Dewey Decimal Classification   Not For Loan Non-fiction Central Library, University of Rajshahi Central Library, University of Rajshahi Reading Room 06/04/1956 Allius book agency 29.40   180 HEH V-2 1951 10/04/2014 C-1 Books
  Dewey Decimal Classification     Non-fiction Central Library, University of Rajshahi Central Library, University of Rajshahi   02/09/1989 Zitlinger 65.00   180 HEH V-2 1966 10/04/2014 C-3 Books